Κατάλογος Βιβλιοθηκών Mediterranean College

Πολυεθνικές Επιχειρήσεις και Αναπτυσσόμενες Χώρες / Η Περίπτωση της Ελλάδας: Δεύτερη Έκδοση (Record no. 1905)

MARC details
000 -LEADER
fixed length control field 01914cam a22001934a 4500
005 - ΗΜΕΡΟΜΗΝΙΑ ΚΑΙ ΩΡΑ ΤΕΛΕΥΤΑΙΑΣ ΕΝΗΜΕΡΩΣΗΣ
Πεδίο ελέγχου 20250605163312.0
008 - FIXED-LENGTH DATA ELEMENTS--GENERAL INFORMATION
Πεδίο ελέγχου σταθερού μήκους 250528s ||||||||||||||||||||||||d
035 ## - SYSTEM CONTROL NUMBER
System control number 16402
040 ## - ΠΗΓΗ ΚΑΤΑΛΟΓΟΓΡΑΦΗΣΗΣ
Φορέας πρωτότυπης καταλογογράφησης MC Athens Campus Library
Γλώσσα καταλογογράφησης Ελληνικά, Μοντέρνα (1453-)
Modifying agency MC Athens Campus Library
Κανόνες περιγραφικής καταλογογράφησης AACR2
245 1# - ΤΙΤΛΟΣ ΚΑΙ ΔΗΛΩΣΗ ΥΠΕΥΘΥΝΟΤΗΤΑΣ
Τίτλος Πολυεθνικές Επιχειρήσεις και Αναπτυσσόμενες Χώρες / Η Περίπτωση της Ελλάδας: Δεύτερη Έκδοση
250 ## - EDITION STATEMENT
Edition statement
260 ## - PUBLICATION, DISTRIBUTION, ETC.
Name of publisher, distributor, etc. Gutenberg,
Date of publication, distribution, etc. 1986
300 ## - PHYSICAL DESCRIPTION
Extent 308
520 ## - SUMMARY, ETC.
Summary, etc. Πρόλογος, Πολυεθνικές Επιχειρήσεις και Αναπτυσσόμενες Χώρες, Πρόσφατες Τάσεις και Συμμετοχή των Πολυεθνικών Επιχειρήσεων στις Αναπτυσσόμενες Χώρες, Βιομηχανική Δομή και Πολυεθνικές Επιχειρήσεις, Δομή της Αγοράς και Πολυεθνικές Επιχειρήσεις, Πολυεθνικές Επιχειρήσεις και Ισοζύγιο Πληρωμών, Ανάπτυξη και Πολυεθνικές Επιχειρήσεις, Πολυεθνικές Επιχειρήσεις και Ελληνική Βιομηχανία, Ελληνική Βιομηχανία και Ξένες Ιδιωτικές Επενδύσεις, Διάρθρωση των Ξένων Ιδιωτικών Επενδύσεων στη Βιομηχανία, Επιπτώσεις των Πολυεθνικών Επιχειρήσεων στη Δομή της Αγοράς, Επίδοση (Performance) των Πολυεθνικών Επιχειρήσεων, Πολυεθνικές Επιχειρήσεις και Εμπορικό Ισοζύγιο και Ισοζύγιο Πληρωμών, Συμπεράσματα και Παρατηρήσεις, Βιβλιογραφία.
700 1# - ΠΡΟΣΘΕΤΗ ΑΝΑΓΡΑΦΗ--ΦΥΣΙΚΟ ΠΡΟΣΩΠΟ
Personal name Παπανδρέου Βάσω
942 ## - ADDED ENTRY ELEMENTS (KOHA)
Koha item type Books
Holdings
Τύπος τεκμηρίου Βιβλιοθήκη Τρέχουσα τοποθεσία Barcode Αριθμός εισαγωγής Ημερομηνία απόκτησης Ταξιθετικό σύμβολο Αριθμός αντιτύπου Κατάσταση απόσυρσης Κατάσταση χαμένου Κατάσταση κατεστραμμένου Μη δανεισμός Σύνολο δανεισμών Ημερομηνία τελευταίας εμφάνισης Η τιμή ισχύει από
Books MC Athens Campus Library MC Athens Campus Library 9780000019042 4104 05/06/2025 338.88 PAP 2           05/06/2025 05/06/2025

MC Athens Campus Library
Πατησίων 94 & Κοδριγκτώνος 13, 104 34
Πελλήνης 8 & Πατησίων 107, 112 51
Τ: +30 210 8899600

MC Thessaloniki Campus Library
Ίωνος Δραγούμη 21, 54625 | Ίωνος Δραγούμη 15, 54625
Τ: +30 2310 287779 – Τ: +30 2314 440300